000 00831nam a2200241 a 4500
001 000002774
005 20200929150244.0
008 850730s1990 sp b 001 0 spa
020 _a8423318893
040 _aDO-SdBNP
_bspa
_cBNPHU
082 _a864.64
_bA694h
100 1 _aArgullol, Rafael,
_d1949-
_98747
245 1 3 _aEl héroe y el único :
_bel espiritu trágico del romanticismo /
_cRafael Argullol.
260 _aBarcelona :
_bDestino,
_c1990.
300 _a463 p. ;
_c18 cm.
490 1 _aDestinolibro
_v307
504 _aBibliografía : p. 435-445.
650 4 _aEnsayos españoles
_xCrítica e interpretación
_98748
650 4 _aLiteratura española
_ySIGLO XX
_xHistoria y crítica
_93061
650 4 _aRomanticismo
_zEspaña
_98749
830 0 _aDestinolibro ;
_n307
_98750
910 _aValidado. Control de calidad MFF
999 _c2608
_d2608